000 00605nam a2200205Ia 4500
005 20250508165532.0
008 008 250505s9999 xx 000 0 eng d
020 _a978-81-88789-83-2
037 _aReference
040 _aFEDL
_beng
_cFEDL
041 _aeng
_2eng
084 _a376, AHM/RR
_qFEDL
100 _aAhmed Nasreem
_9781113
245 0 _aMuslim leadership and women's education: Uttar Pradesh, 1889-1947
260 _aGurgaon, India
_bThree Essays Collective
_c2012
300 _ax, 187p.
365 _aINR
_b450
942 _cREF
_h376, AHM/RR
999 _c1395717
_d1395717